| 000 | 00429nam a2200169Ia 4500 | ||
|---|---|---|---|
| 005 | 20250326141242.0 | ||
| 008 | 250326s9999 xx 000 0 und d | ||
| 037 | _aTextbook | ||
| 040 |
_aFMSL _beng _cFMSL |
||
| 041 |
_aeng _2eng |
||
| 084 | _qFMSL | ||
| 245 | 0 | _aAsian development outlook 1994 | |
| 260 |
_aOxford _bOxford, Oxford University Press _c1994 |
||
| 300 | _a266p | ||
| 942 | _cTB | ||
| 999 |
_c1289442 _d1289442 |
||